00342nam a2200133Ia 4500008004100000100003100041245004700072250001200119260003300131300000800164650001400172942000700186999001500193190216s9999||||xx |||||||||||||| ||und|| aRastogi. R.P And Misra.R.R 3aAn Introduction To Chemical Thermodynamics a1st Ed. bVikas Publishing Housec1978 a391 aChemistry cBK c2343d2343